00612nam a2200181Ia 4500003000900000008004100009020001800050040001600068080001700084100001900101245014900120250001200269260004200281300001400323650004100337650002600378650002600404IN-BaIIA211028s9999 xx 000 0 eng d a0-442-25948-4 cIIA Library a(035)77bNEB aSturge, John M 0aNeblette's Handbook of Photography and Reprographybmaterials processes and systemscJohn M Sturge  a7th ed. aNew YorkbVan Nostrand Reinholdc1977 aix, 641p. aAstronomy and Astrophysics Thesaurus aHandbooks-Photography aPhotography-Handbooks